Code for the measurement of building works in small dwellings (Record no. 87922)

MARC details
000 -LEADER
fixed length control field 00568cam a2200205 4500
001 - CONTROL NUMBER
control field D15211
008 - FIXED-LENGTH DATA ELEMENTS--GENERAL INFORMATION
fixed length control field 090401t1979 xxu||||| |||| 00| 0 eng d
035 ## - SYSTEM CONTROL NUMBER
System control number (Sirsi) u21116
041 ## - LANGUAGE CODE
Language code of text/sound track or separate title eng
050 ## - LIBRARY OF CONGRESS CALL NUMBER
Classification number 692.3
110 ## - MAIN ENTRY--CORPORATE NAME
Corporate name or jurisdiction name as entry element Royal Institution of Chartered Surveyors
9 (RLIN) 4900
245 ## - TITLE STATEMENT
Title Code for the measurement of building works in small dwellings
250 ## - EDITION STATEMENT
Edition statement 3rd
260 ## - PUBLICATION, DISTRIBUTION, ETC.
Place of publication, distribution, etc. London
Name of publisher, distributor, etc. RICS/National Federation of Building Tra
Date of publication, distribution, etc. 1979
300 ## - PHYSICAL DESCRIPTION
Extent viii. 16p. 30cm
350 ## - PRICE (NR) (BK AM CF MU VM SE) [OBSOLETE]
Price 3
520 ## - SUMMARY, ETC.
Summary, etc. Filed at SMM 1979/2 BCDE
942 ## - ADDED ENTRY ELEMENTS (KOHA)
Suppress in OPAC 0
948 ## - LOCAL PROCESSING INFORMATION (OCLC); SERIES PART DESIGNATOR (RLIN)
c (OCLC) 04/03/1997
Holdings
Withdrawn status Lost status Source of classification or shelving scheme Damaged status Not for loan Home library Current library Shelving location Date acquired Cost, normal purchase price Total Checkouts Full call number Barcode Date last seen Copy number Cost, replacement price Price effective from Koha item type Date last checked out
    Other/Generic Classification Scheme     London London Boxed set 15/01/1992 3.00   SMM 1979/2 30032309 06/08/2019 1 3.00 06/08/2019 Reference material  
    Other/Generic Classification Scheme     London London Boxed set 15/01/1992 3.00   SMM 1979/2 30032313 06/08/2019 2 3.00 06/08/2019 Book  
    Other/Generic Classification Scheme     London London Boxed set 15/01/1992 3.00   SMM 1979/2 30032317 06/08/2019 3 3.00 06/08/2019 Book  
    Other/Generic Classification Scheme     London London Gallery 14/09/1999 3.00 2 SMM 1979/2 30032305 06/08/2019 4 3.00 06/08/2019 Book 13/06/2001